000 00765nam a22002177a 4500
999 _c11534
_d11534
003 AR-CdUCM
008 190404b ||||| |||| 00| 0 spa d
040 _aMUNICIPALIDAD PROVINCIAL DEL CUSCO
_cBIBLIOTECA MUNICIPAL DEL CUSCO
082 _a300 /
_bW38 / 1941
100 _aWeiss, Adolf
_928950
245 _aPolítica y sociedad :
_bla democracia futura y el destino del hombre /
260 _aBuenos Aires :
_bClaridad,
_c1941.
300 _a247 páginas ;
_c20.5 cm.
440 _aColección claridad ;
_n43
_928951
505 _aContenido: La escala de Jacob -- Visión del mundo -- La masa hombre -- Sociedad.
650 _aSociología
_9276
650 _aCiencia política
_91775
700 _aPolitor, A.
_928952
942 _2ddc
_cLIBROS
945 _aacv